Handbook of population and development in India / (Record no. 50162)

MARC details
000 -LEADER
fixed length control field 03846nam a22005297a 4500
005 - DATE AND TIME OF LATEST TRANSACTION
control field 20110128111113.0
008 - FIXED-LENGTH DATA ELEMENTS--GENERAL INFORMATION
fixed length control field 110128t xxu||||| |||| 00| 0 eng d
010 ## - LCCN (DPL NO)
LC control number ENG-101969 B-430582-583 B-442697-706
020 ## - INTERNATIONAL STANDARD BOOK NUMBER
International Standard Book Number 9780198069294
Terms of availability 795.00
020 ## - INTERNATIONAL STANDARD BOOK NUMBER
International Standard Book Number 0198069294
Terms of availability 795.00
035 ## - SYSTEM CONTROL NUMBER
System control number EN-85502 B-430582-583 B-442697-706
037 ## - SOURCE OF ACQUISITION
Source of stock number/acquisition DBAD/PUB
037 ## - SOURCE OF ACQUISITION
Source of stock number/acquisition RBC/Ven
040 ## - CATALOGING SOURCE
Original cataloging agency dpl
Language of cataloging Eng
082 ## - DEWEY DECIMAL CLASSIFICATION NUMBER
Classification number 363.90954
100 ## - MAIN ENTRY--PERSONAL NAME
9 (RLIN) 25664
245 ## - TITLE STATEMENT
Title Handbook of population and development in India /
Statement of responsibility, etc edited by A.K. Shiva Kumar, Pradeep Panda [and] Rajani R. Ved
260 ## - PUBLICATION, DISTRIBUTION, ETC. (IMPRINT)
Place of publication, distribution, etc New Delhi
Name of publisher, distributor, etc Oxford University Press
-- Institute for Human Development
Date of publication, distribution, etc 2010
270 ## - ADDRESS
Address YMCA Library Building, Jai Singh Road
City New Delhi
Postal code 110001
300 ## - PHYSICAL DESCRIPTION
Extent xv, 240 p.
Dimensions 25cm (Hb)
500 ## - GENERAL NOTE
General note Contributed articles.
500 ## - GENERAL NOTE
General note Includes bibliographical references.
650 ## - SUBJECT ADDED ENTRY--TOPICAL TERM
9 (RLIN) 25585
651 ## - SUBJECT ADDED ENTRY--GEOGRAPHIC NAME
9 (RLIN) 779
Geographic name India
General subdivision Population
-- Social aspects.
651 ## - SUBJECT ADDED ENTRY--GEOGRAPHIC NAME
9 (RLIN) 25665
Geographic name India
General subdivision Population
-- Economic aspects.
651 ## - SUBJECT ADDED ENTRY--GEOGRAPHIC NAME
9 (RLIN) 25666
Geographic name India
General subdivision Population policy.
700 ## - ADDED ENTRY--PERSONAL NAME
9 (RLIN) 25586
Personal name Shiva Kumar, A. K.
700 ## - ADDED ENTRY--PERSONAL NAME
Personal name Panda, Pradeep.
9 (RLIN) 25667
700 ## - ADDED ENTRY--PERSONAL NAME
Personal name Ved, Rajani R.
9 (RLIN) 25668
710 ## - ADDED ENTRY--CORPORATE NAME
Corporate name or jurisdiction name as entry element Institute for Human Development (New Delhi, India)
9 (RLIN) 25669
942 ## - ADDED ENTRY ELEMENTS (KOHA)
Source of classification or shelving scheme Dewey Decimal Classification
Item type English Books
Classification part 363.90954
Call number suffix HAN
Holdings
Withdrawn status Lost status Source of classification or shelving scheme Damaged status Not for loan Collection code Home library Current library Date acquired Source of acquisition Cost, normal purchase price Total Checkouts Full call number Barcode Date last seen Copy number Cost, replacement price Koha item type Total Renewals
    Dewey Decimal Classification     Non-fiction Andrews Gunj Andrews Gunj 23/08/2011 RBC/25880/21.6.11/76/4.3.11/18.7.11 795.00   363.90954 HAN B-442701 23/08/2011 1 795.00 English Books  
    Dewey Decimal Classification     Non-fiction Central Library Central Library 27/05/2011 RBC-22612/2010-11/26-03-11/76/04-03-11/31-03-11 795.00 1 363.90954 HAN B-430582 28/07/2018 1 795.00 English Books  
    Dewey Decimal Classification   Not For Loan Non-fiction D.B.Act.Division D.B.Act.Division 28/01/2011 DBAD/PUB 795.00   363.90954 HAN EN-85502 28/01/2011 1 795.00 English Books  
    Dewey Decimal Classification     Non-fiction Janak Puri Janak Puri 23/08/2011 RBC/25880/21.6.11/76/4.3.11/18.7.11 795.00 3 363.90954 HAN B-442698 16/12/2013 1 795.00 English Books  
    Dewey Decimal Classification     Non-fiction Karol Bagh Karol Bagh 23/08/2011 RBC/25880/21.6.11/76/4.3.11/18.7.11 795.00   363.90954 HAN B-442703 23/08/2011 1 795.00 English Books  
    Dewey Decimal Classification     Non-fiction Narela Narela 23/08/2011 RBC/25880/21.6.11/76/4.3.11/18.7.11 795.00   363.90954 HAN B-442704 23/08/2011 1 795.00 English Books  
    Dewey Decimal Classification     Non-fiction New Police Line New Police Line 27/05/2011 RBC-22612/2010-11/26-03-11/76/04-03-11/31-03-11 795.00   363.90954 HAN B-430583 27/05/2011 1 795.00 English Books  
    Dewey Decimal Classification     Non-fiction Patel Nagar Patel Nagar 23/08/2011 RBC/25880/21.6.11/76/4.3.11/18.7.11 795.00   363.90954 HAN B-442697 23/08/2011 1 795.00 English Books  
    Dewey Decimal Classification     Non-fiction R.K.Puram-8 R.K.Puram-8 23/08/2011 RBC/25880/21.6.11/76/4.3.11/18.7.11 795.00   363.90954 HAN B-442700 23/08/2011 1 795.00 English Books  
    Dewey Decimal Classification     Non-fiction Sarojini Nagar Sarojini Nagar 23/08/2011 RBC/25880/21.6.11/76/4.3.11/18.7.11 795.00 1 363.90954 HAN B-442699 03/07/2023 1 795.00 English Books 2
    Dewey Decimal Classification     Non-fiction Shahdara Branch Shahdara Branch 23/08/2011 RBC/25880/21.6.11/76/4.3.11/18.7.11 795.00   363.90954 HAN B-442705 23/08/2011 1 795.00 English Books  
    Dewey Decimal Classification     Non-fiction Vinoba Puri Vinoba Puri 23/08/2011 RBC/25880/21.6.11/76/4.3.11/18.7.11 795.00   363.90954 HAN B-442702 23/08/2011 1 795.00 English Books  
    Dewey Decimal Classification     Non-fiction Yojana Vihar Yojana Vihar 23/08/2011 RBC/25880/21.6.11/76/4.3.11/18.7.11 795.00   363.90954 HAN B-442706 23/08/2011 1 795.00 English Books  

© Delhi Public Library
Hit Counter
free hit counter